[Event "AUTO-MASTER-936"]
[Site "http://www.queenalice.com/game.php?id=768931"]
[Date "2010.5.1"]
[Round "2"]
[White "SirKnight"]
[Black "whizkid14"]
[Result "1-0"]
[WhiteElo "2155"]
[BlackElo "2042"]

1. e4 e6 2. d4 d5 3. Nd2 c5 4. exd5 exd5 5. dxc5 Bxc5 6. Ngf3 Nf6 7. Bb5+ Nc6 8.
O-O O-O 9. Nb3 Bd6 10. Bg5 Be6 11. Re1 a6 12. Bxc6 bxc6 13. Nbd4 Bd7 14. Ne5
Bxe5 15. Rxe5 Bg4 16. Nxc6 Qc7 17. Ne7+ Kh8 18. Qe1 Rfe8 19. Bxf6 gxf6 20. Ng6+
hxg6 21. Rxe8+ Rxe8 22. Qxe8+ Kg7 23. Qa4 Bc8 24. c3 Bb7 25. Re1 Qb6 26. b3 Bc6
27. Qd4 Qc7 28. Qc5 d4 29. Qxd4 Qb7 30. f3 Qb5 31. Qd2 Qa5 32. Kh1 1-0

[Event "AUTO-MASTER-936"]
[Site "http://www.queenalice.com/game.php?id=768932"]
[Date "2010.5.1"]
[Round "2"]
[White "whizkid14"]
[Black "SirKnight"]
[Result "0-1"]
[WhiteElo "1970"]
[BlackElo "2126"]

1. d4 Nf6 2. c4 e6 3. Nc3 Bb4 4. f3 d5 5. a3 Bxc3+ 6. bxc3 dxc4 7. Qa4+ Nc6 8.
e4 O-O 9. Bxc4 h6 10. Ne2 Bd7 11. Qc2 Qe8 12. a4 Qd8 13. O-O e5 14. a5 a6 15.
Qb3 Rb8 16. Be3 exd4 17. cxd4 Na7 18. e5 Nh7 19. f4 Bb5 20. Nc3 Bxc4 21. Qxc4
Nc6 22. d5 Ne7 23. Bc5 Re8 24. Rad1 Ng6 25. Ne4 Nhf8 26. e6 fxe6 27. dxe6 Qc8
28. Rd7 Kh8 29. Bd4 Nxd7 30. exd7 Qxd7 31. Rd1 Qe6 0-1

[Event "Challenge"]
[Site "http://www.queenalice.com/game.php?id=776091"]
[Date "2010.5.15"]
[Round "-"]
[White "whizkid14"]
[Black "Rudolf"]
[Result "0-1"]
[WhiteElo "2033"]
[BlackElo "2329"]

1. d4 Nf6 2. c4 e6 3. Nc3 Bb4 4. Bg5 c5 5. a3 Bxc3+ 6. bxc3 Nc6 7. Nf3 Qa5 8.
Qb3 cxd4 9. Bd2 Ne4 10. Rc1 b6 11. g3 Ba6 12. Bg2 Rc8 13. O-O Ne5 14. Bf4 Nxf3+
15. Bxf3 Nxc3 16. Bd6 Rxc4 17. Bb4 Qb5 18. Qb2 h5 19. Qd2 Qe5 20. e3 Qf5 21. Bg2
Rxb4 22. axb4 Ne2+ 23. Kh1 Nxc1 24. Rxc1 d3 25. e4 Qe5 26. f4 Qd4 27. h3 Ke7 28.
e5 h4 29. g4 Rc8 30. Rxc8 Bxc8 31. b5 g5 0-1

[Event "AUTO-MASTER-1131"]
[Site "http://www.queenalice.com/game.php?id=782894"]
[Date "2010.5.30"]
[Round "1"]
[White "paulogaspar"]
[Black "whizkid14"]
[Result "1-0"]
[WhiteElo "2019"]
[BlackElo "1985"]

1. e4 e5 2. Nf3 Nc6 3. b3 Nf6 4. Bb2 d6 5. Nc3 Bg4 6. Be2 Be7 7. h3 Bh5 8. O-O
a6 9. d4 Bxf3 10. Bxf3 O-O 11. dxe5 dxe5 12. Nd5 Bd6 13. c3 Ne8 14. Rc1 Ne7 15.
c4 c6 16. Nxe7+ Qxe7 17. Qc2 Bc5 18. Rfd1 Nc7 19. Bg4 Rad8 20. a3 Bxa3 21. Rxd8
Rxd8 22. Bxa3 Qxa3 23. Rd1 Qe7 24. Rd3 h6 25. Qd2 Rxd3 26. Qxd3 c5 27. Qc3 Ne8
28. Qd3 Nd6 29. Kh2 1-0

[Event "AUTO-MASTER-1131"]
[Site "http://www.queenalice.com/game.php?id=782895"]
[Date "2010.5.30"]
[Round "1"]
[White "whizkid14"]
[Black "paulogaspar"]
[Result "0-1"]
[WhiteElo "2031"]
[BlackElo "1964"]

1. e4 e6 2. d4 b6 3. Nf3 Bb7 4. Bd3 Nf6 5. Bg5 Be7 6. Qe2 d6 7. Na3 O-O 8. Bxf6
Bxf6 9. O-O c5 10. c3 cxd4 11. cxd4 Nc6 12. Rad1 Nxd4 13. Nxd4 Bxd4 14. Kh1 Bf6
15. Nc4 Qe7 16. e5 Bxe5 17. Nxe5 dxe5 18. Qxe5 Rad8 19. Qh5 g6 20. Qh6 Rd5 21.
Bb1 Qc5 22. Rc1 Qb5 23. b3 Rg5 24. f3 Qe5 25. Qh4 Rh5 0-1

[Event "AUTO-MASTER-1131"]
[Site "http://www.queenalice.com/game.php?id=782912"]
[Date "2010.5.30"]
[Round "1"]
[White "whizkid14"]
[Black "Richardlim"]
[Result "0-1"]
[WhiteElo "1995"]
[BlackElo "2269"]

1. e4 c5 2. Nf3 d6 3. d4 cxd4 4. Nxd4 Nf6 5. Nc3 a6 6. Be3 e6 7. Bd3 b5 8. O-O
b4 9. Na4 e5 10. Nf5 Nbd7 11. Re1 a5 12. Bc4 Nxe4 13. Qd5 Qc7 14. Qxf7+ Kd8 15.
Nxg7 Bxg7 16. Qxg7 Qxc4 17. Qxh8+ Kc7 18. Qxh7 Nf6 19. Qe7 Nd5 20. Qh7 Nf6 0-1

[Event "AUTO-MASTER-1131"]
[Site "http://www.queenalice.com/game.php?id=782913"]
[Date "2010.5.30"]
[Round "1"]
[White "Richardlim"]
[Black "whizkid14"]
[Result "1-0"]
[WhiteElo "2273"]
[BlackElo "1990"]

1. e4 c5 2. Nf3 Nc6 3. d4 cxd4 4. Nxd4 e6 5. Nc3 Nf6 6. Ndb5 d6 7. Bc4 a6 8. Nd4
Be7 9. a3 Bd7 10. Bg5 Qb6 11. Nxc6 Bxc6 12. Bxf6 gxf6 13. b3 Rg8 14. O-O f5 15.
Re1 O-O-O 16. Qf3 Bf6 17. Rad1 Bxc3 18. Qxc3 Kb8 19. Bd3 Rg6 20. Qd2 e5 21. Qe3
1-0

[Event "AUTO-MASTER-1131"]
[Site "http://www.queenalice.com/game.php?id=782914"]
[Date "2010.5.30"]
[Round "1"]
[White "whizkid14"]
[Black "Carl_Flemming"]
[Result "0-1"]
[WhiteElo "1906"]
[BlackElo "2022"]

1. d4 d5 2. c4 c6 3. Nf3 Bf5 4. Nc3 e6 5. e3 a6 6. Be2 Nf6 7. b3 Bb4 8. Bd2 Nbd7
9. O-O O-O 10. Nxd5 Nxd5 11. cxd5 Bxd2 12. Qxd2 exd5 13. Qb4 Qc7 14. Rac1 Rfe8
15. Nh4 Be4 16. f3 Bg6 17. Nxg6 hxg6 18. Qc3 Re7 19. Rfe1 f5 20. Bd3 Nf6 21. g3
Rae8 22. Kf2 Kf7 23. Qc2 Qd7 24. a4 Rh8 25. Rh1 Qd6 26. a5 Qb4 27. Qc3 Qd6 28.
Qc5 Qd7 29. Qc2 Qc7 30. b4 Rh3 31. Bf1 Rh8 0-1

[Event "AUTO-MASTER-1131"]
[Site "http://www.queenalice.com/game.php?id=782915"]
[Date "2010.5.30"]
[Round "1"]
[White "Carl_Flemming"]
[Black "whizkid14"]
[Result "1-0"]
[WhiteElo "2033"]
[BlackElo "1895"]

1. e4 e5 2. Nf3 Nc6 3. d4 exd4 4. Bc4 Bc5 5. O-O d6 6. Re1 Bg4 7. e5 dxe5 8.
Nxe5 Bxd1 9. Nxc6+ Qe7 10. Nxe7 Nxe7 11. Rxd1 O-O 12. c3 Rad8 13. Bg5 Rfe8 14.
cxd4 Bxd4 15. Nc3 h6 16. Bh4 c5 17. Re1 g5 18. Bg3 a6 19. Nd5 Nxd5 20. Rxe8+
Rxe8 21. Bxd5 b5 22. Rb1 h5 23. h4 g4 24. Bb7 Re6 25. Kf1 b4 26. Bd5 Re8 27. b3
Kg7 28. Re1 Rd8 29. Bc4 Bc3 30. Rc1 1-0

[Event "AUTO-OPEN-1736"]
[Site "http://www.queenalice.com/game.php?id=784469"]
[Date "2010.6.2"]
[Round "2"]
[White "rheenz"]
[Black "whizkid14"]
[Result "1-0"]
[WhiteElo "2442"]
[BlackElo "2012"]

1. e4 e5 2. Nf3 Nc6 3. Bb5 a6 4. Ba4 Nf6 5. O-O b5 6. Bb3 Be7 7. d4 exd4 8. e5
Ng4 9. Re1 Bb4 10. Re4 h5 11. h3 Bb7 12. hxg4 hxg4 13. Ng5 Qe7 14. Nxf7 Qh4 15.
Nxh8 Qxh8 16. e6 O-O-O 17. exd7+ Rxd7 18. Be6 1-0

[Event "AUTO-OPEN-1736"]
[Site "http://www.queenalice.com/game.php?id=784470"]
[Date "2010.6.2"]
[Round "2"]
[White "whizkid14"]
[Black "rheenz"]
[Result "0-1"]
[WhiteElo "2010"]
[BlackElo "2443"]

1. e4 e6 2. d4 d5 3. e5 c5 4. Nf3 Nc6 5. c3 Qb6 6. Be2 cxd4 7. cxd4 Nge7 8. Nc3
Nf5 9. Na4 Qa5+ 10. Nc3 Bb4 11. Qd3 Qb6 12. a3 Be7 13. Na4 Qa5+ 14. Nc3 a6 15.
O-O f6 16. Bd2 fxe5 17. dxe5 O-O 18. Rfe1 Qb6 19. Na4 Qa7 0-1

[Event "AUTO-OPEN-1736"]
[Site "http://www.queenalice.com/game.php?id=784477"]
[Date "2010.6.2"]
[Round "2"]
[White "whizkid14"]
[Black "ezekiel4a21"]
[Result "0-1"]
[WhiteElo "2008"]
[BlackElo "2240"]

1. e4 c5 2. Nf3 Nc6 3. Bb5 d6 4. O-O Bd7 5. Nc3 a6 6. Bc4 e6 7. Re1 b5 8. Be2
Be7 9. d4 Nf6 10. dxc5 dxc5 11. Bf4 O-O 12. Bf1 b4 13. Ne2 Nxe4 14. Qd3 f5 15.
c3 Qe8 16. Rad1 Ra7 17. Ne5 Nxe5 18. Bxe5 Ba4 19. b3 Bb5 20. c4 Bc6 21. f3 Bh4
22. fxe4 Bxe4 23. Qh3 Bxe1 0-1

[Event "AUTO-OPEN-1736"]
[Site "http://www.queenalice.com/game.php?id=784478"]
[Date "2010.6.2"]
[Round "2"]
[White "ezekiel4a21"]
[Black "whizkid14"]
[Result "1-0"]
[WhiteElo "2245"]
[BlackElo "2001"]

1. e4 e5 2. Bc4 Bc5 3. d3 Nc6 4. a4 d6 5. c3 a5 6. h3 Qe7 7. Nf3 h6 8. O-O Nf6
9. Be3 Nh5 10. Bxc5 dxc5 11. Na3 O-O 12. Nb5 b6 13. Bd5 Bb7 14. d4 Rab8 15. Bxc6
Bxc6 16. Nxe5 Bxb5 17. axb5 Qg5 18. Nd7 Nf4 19. Qf3 cxd4 20. cxd4 Rbd8 21. Nxf8
1-0

[Event "Challenge"]
[Site "http://www.queenalice.com/game.php?id=789072"]
[Date "2010.6.12"]
[Round "-"]
[White "danielgarciasilva"]
[Black "whizkid14"]
[Result "1-0"]
[WhiteElo "1622"]
[BlackElo "1960"]

1. e4 e5 2. Nf3 Nc6 3. Bb5 a6 4. Bxc6 dxc6 5. d3 Bd6 6. Nc3 Nf6 7. Bg5 h6 8. Be3
Bg4 9. h3 Bh5 10. g4 Bg6 11. Nh4 Qe7 12. Qf3 Bh7 13. Nf5 Bxf5 14. Qxf5 g6 15.
Qf3 Nh7 16. Bxh6 Ng5 17. Bxg5 Qxg5 18. Ne2 Bc5 19. c3 O-O-O 20. Rd1 Kb8 21. O-O
Rh7 22. Kg2 Rf8 23. d4 Bd6 24. dxe5 Qxe5 25. Ng3 Rfh8 26. Rh1 Qg7 27. Rd3 1-0